<?xml version="1.0" encoding="UTF-8"?>
<record
    xmlns:xsi="http://www.w3.org/2001/XMLSchema-instance"
    xsi:schemaLocation="http://www.loc.gov/MARC21/slim http://www.loc.gov/standards/marcxml/schema/MARC21slim.xsd"
    xmlns="http://www.loc.gov/MARC21/slim">

  <leader>01849nam a22003257a 4500</leader>
  <controlfield tag="005">20081117123210.0</controlfield>
  <controlfield tag="008">081117t        xxu||||| |||| 00| 0 hin d</controlfield>
  <datafield tag="010" ind1=" " ind2=" ">
    <subfield code="a">HIN-84947</subfield>
  </datafield>
  <datafield tag="020" ind1=" " ind2=" ">
    <subfield code="c">600.00</subfield>
    <subfield code="a">8189131036</subfield>
  </datafield>
  <datafield tag="035" ind1=" " ind2=" ">
    <subfield code="a">HN-57293</subfield>
  </datafield>
  <datafield tag="037" ind1=" " ind2=" ">
    <subfield code="b">DBAD / PUB</subfield>
  </datafield>
  <datafield tag="040" ind1=" " ind2=" ">
    <subfield code="a">DPL</subfield>
    <subfield code="b">HN</subfield>
  </datafield>
  <datafield tag="082" ind1=" " ind2=" ">
    <subfield code="a">338.95413</subfield>
  </datafield>
  <datafield tag="100" ind1=" " ind2=" ">
    <subfield code="a">&#x92A;&#x902;&#x935;&#x93E;&#x930;, &#x938;&#x930;&#x93F;&#x924;&#x93E;</subfield>
  </datafield>
  <datafield tag="245" ind1=" " ind2=" ">
    <subfield code="a">&#x917;&#x922;&#x93C;&#x935;&#x93E;&#x932; &#x915;&#x947; &#x938;&#x93E;&#x92E;&#x93E;&#x91C;&#x93F;&#x915;-&#x906;&#x930;&#x94D;&#x925;&#x93F;&#x915; &#x935;&#x93F;&#x915;&#x93E;&#x938; &#x92E;&#x947;&#x902; &#x938;&#x94D;&#x935;&#x948;&#x91A;&#x94D;&#x91B;&#x93F;&#x915; &#x938;&#x902;&#x938;&#x94D;&#x925;&#x93E;&#x913;&#x902; &#x915;&#x940; &#x92D;&#x942;&#x92E;&#x93F;&#x915;&#x93E; /</subfield>
    <subfield code="c">&#x938;&#x930;&#x93F;&#x924;&#x93E; &#x92A;&#x902;&#x935;&#x93E;&#x930;</subfield>
  </datafield>
  <datafield tag="246" ind1=" " ind2=" ">
    <subfield code="a">Garwal ke samajik-aarthik vikas mein swaichchik sansthaon ki bhumika</subfield>
    <subfield code="b">by Sarita Panwar</subfield>
  </datafield>
  <datafield tag="260" ind1=" " ind2=" ">
    <subfield code="a">&#x928;&#x908; &#x926;&#x93F;&#x932;&#x94D;&#x932;&#x940;</subfield>
    <subfield code="b">&#x930;&#x93F;&#x938;&#x930;&#x94D;&#x91A; &#x907;&#x902;&#x921;&#x93F;&#x92F;&#x93E; &#x92A;&#x94D;&#x930;&#x947;&#x938;</subfield>
    <subfield code="c">2005</subfield>
  </datafield>
  <datafield tag="270" ind1=" " ind2=" ">
    <subfield code="a">&#x908;-6/34, &#x938;&#x902;&#x917;&#x92E; &#x935;&#x93F;&#x939;&#x93E;&#x930;</subfield>
    <subfield code="b">&#x928;&#x908; &#x926;&#x93F;&#x932;&#x94D;&#x932;&#x940;</subfield>
    <subfield code="e">110062</subfield>
    <subfield code="k">011 26098013 &#x92E;&#x94B;. 9818085794</subfield>
  </datafield>
  <datafield tag="300" ind1=" " ind2=" ">
    <subfield code="a">196&#x92A;&#x943;</subfield>
    <subfield code="c">22&#x938;&#x947;&#x92E;&#x940; (&#x938;&#x91C;&#x93F;&#x932;&#x94D;&#x926;)</subfield>
  </datafield>
  <datafield tag="650" ind1=" " ind2=" ">
    <subfield code="a">&#x917;&#x948;&#x930;-&#x938;&#x930;&#x915;&#x93E;&#x930;&#x940; &#x938;&#x902;&#x917;&#x920;&#x928;</subfield>
    <subfield code="z">&#x92D;&#x93E;&#x930;&#x924;</subfield>
    <subfield code="z">&#x917;&#x922;&#x93C;&#x935;&#x93E;&#x932;</subfield>
  </datafield>
  <datafield tag="650" ind1=" " ind2=" ">
    <subfield code="a"> Non-governmental organizations. </subfield>
    <subfield code="z">India</subfield>
    <subfield code="z">Garhwal.</subfield>
  </datafield>
  <datafield tag="650" ind1=" " ind2=" ">
    <subfield code="a">&#x938;&#x93E;&#x92E;&#x941;&#x926;&#x93E;&#x92F;&#x93F;&#x915; &#x935;&#x93F;&#x915;&#x93E;&#x938;</subfield>
    <subfield code="z">&#x92D;&#x93E;&#x930;&#x924;</subfield>
    <subfield code="z">&#x917;&#x922;&#x93C;&#x935;&#x93E;&#x932;</subfield>
  </datafield>
  <datafield tag="650" ind1=" " ind2=" ">
    <subfield code="a">Community development.</subfield>
    <subfield code="z">India.</subfield>
    <subfield code="z">Garhw&#x101;l.</subfield>
  </datafield>
  <datafield tag="651" ind1=" " ind2=" ">
    <subfield code="a">&#x917;&#x922;&#x93C;&#x935;&#x93E;&#x932;(&#x92D;&#x93E;&#x930;&#x924;).</subfield>
    <subfield code="x">&#x938;&#x93E;&#x92E;&#x93E;&#x91C;&#x93F;&#x915; &#x938;&#x94D;&#x925;&#x93F;&#x924;&#x93F;</subfield>
  </datafield>
  <datafield tag="651" ind1=" " ind2=" ">
    <subfield code="a"> Garhw&#x101;l (India).</subfield>
    <subfield code="x">Social conditions.</subfield>
  </datafield>
  <datafield tag="651" ind1=" " ind2=" ">
    <subfield code="a">&#x917;&#x922;&#x93C;&#x935;&#x93E;&#x932;(&#x92D;&#x93E;&#x930;&#x924;).</subfield>
    <subfield code="x">&#x906;&#x930;&#x94D;&#x925;&#x93F;&#x915; &#x938;&#x94D;&#x925;&#x93F;&#x924;&#x93F;</subfield>
  </datafield>
  <datafield tag="651" ind1=" " ind2=" ">
    <subfield code="a">Garhw&#x101;l (India). </subfield>
    <subfield code="x">Economic conditions.</subfield>
  </datafield>
  <datafield tag="942" ind1=" " ind2=" ">
    <subfield code="2">ddc</subfield>
    <subfield code="c">HN</subfield>
    <subfield code="m">&#x92A;&#x902;&#x935;&#x93E;&#x930;</subfield>
    <subfield code="h">338.95413</subfield>
  </datafield>
  <datafield tag="999" ind1=" " ind2=" ">
    <subfield code="c">18504</subfield>
    <subfield code="d">18504</subfield>
  </datafield>
  <datafield tag="952" ind1=" " ind2=" ">
    <subfield code="0">0</subfield>
    <subfield code="1">0</subfield>
    <subfield code="2">ddc</subfield>
    <subfield code="4">0</subfield>
    <subfield code="7">1</subfield>
    <subfield code="8">NFIC</subfield>
    <subfield code="a">DBAD</subfield>
    <subfield code="b">DBAD</subfield>
    <subfield code="d">2008-11-17</subfield>
    <subfield code="e">DBAD / PUB</subfield>
    <subfield code="g">600.00</subfield>
    <subfield code="l">0</subfield>
    <subfield code="o">338.95413 &#x92A;&#x902;&#x935;&#x93E;&#x930;</subfield>
    <subfield code="p">HN-57293</subfield>
    <subfield code="r">2008-11-17 00:00:00</subfield>
    <subfield code="t">1</subfield>
    <subfield code="v">600.00</subfield>
    <subfield code="w">2008-11-17</subfield>
    <subfield code="y">HN</subfield>
  </datafield>
</record>
